Score 0/18 Timer 03:00
0 Plays Today
Clue 4 Letter Word % Correct
♪ I'll be here 'til the end of ____♪ TIME ♪
98.9%
Roof or bathroom pieceTILE
96.6%
To store in a folderFILE
96.4%
♪ If you say that you are ____♪ MINE ♪
96.3%
Act without wordsMIME
96.1%
Above average in heightTALL
95.9%
♪ So if you want me off your ____♪ BACK ♪
95.9%
Cost of riding a highwayTOLL
95.8%
To speakTALK
95.4%
Clue 4 Letter Word % Correct
♪ One day it's ____ and next it's black ♪♪ FINE ♪
95.4%
Hammer or drill, for exampleTOOL
94.8%
Trigonometric functionSINE
93.6%
BagSACK
93.1%
A job to be doneTASK
92.7%
IllSICK
92.2%
Swim alternativeSINK
92%
Lie out in the sunBASK
91.9%
♪ Should I ____ it or should I blow? ♪♪ COOL ♪
64.2%

Today's Daily Dose

Missing Word
Rihanna (A-Z)

Get the Picture
Laker Big Men

Remove Ads.
Support Sporcle.
Get the best of Sporcle when you Go Orange. This ad-free experience offers more features, more stats, and more fun while also helping to support Sporcle. Thank you for becoming a member.

You're not logged in!

Compare scores with friends on all Sporcle quizzes.
OR
Log In

Sporcle TV

Today on Sporcle TV


Watch our educational content, quiz creation guides, and fun videos on Sporcle TV.

Show Comments

Extras

Top Quizzes Today


Score Distribution

Paid Content

Your Account Isn't Verified!

In order to create a playlist on Sporcle, you need to verify the email address you used during registration. Go to your Sporcle Settings to finish the process.

Report this User

Report this user for behavior that violates our Community Guidelines.

Details: